日本の新しい進路 : 70年代への提言
Đã lưu trong:
| Príomhúdar: | |
|---|---|
| Formáid: | Leabhar |
| Teanga: | Undetermined |
| Foilsithe: |
東京
鹿島研究所出版会
1971
|
| Ábhair: | |
| Clibeanna: |
Cuir Clib Leis
Gan Chlibeanna, Bí ar an gcéad duine leis an taifead seo a chlibeáil!
|
| Thư viện lưu trữ: | Trung tâm Học liệu Trường Đại học Cần Thơ |
|---|
| LEADER | 00569nam a2200193Ia 4500 | ||
|---|---|---|---|
| 001 | CTU_86561 | ||
| 008 | 210402s9999 xx 000 0 und d | ||
| 082 | |a 306.3 | ||
| 082 | |b E85 | ||
| 100 | |a 衛藤瀋吉(えとう しんきち) | ||
| 245 | 0 | |a 日本の新しい進路 : | |
| 245 | 0 | |b 70年代への提言 | |
| 245 | 0 | |c 衛藤瀋吉, 山陽新聞社 | |
| 260 | |a 東京 | ||
| 260 | |b 鹿島研究所出版会 | ||
| 260 | |c 1971 | ||
| 650 | |a Economic Sociology,Japanese society | ||
| 904 | |i Ngoc | ||
| 980 | |a Trung tâm Học liệu Trường Đại học Cần Thơ | ||